=LDR 00000nam 2200000 4500 =001 INLIS000000000022697 =005 20200603094148 =035 ##$$a 0010-061300000022697 =008 200603################g##########0#ind## =041 ##$$a Ind =082 ##$$a 2X3.03 =090 ##$$a 2X3.03, Sou p =100 ##$$a Sou'yb, Joesoef =245 1#$$a Peranan aliran iktizal dalam perkembangan alampikiran islam /$c Joesoef Sou'YB =260 ##$$a Jakarta :$b Pustaka Alhusna,$c 1982 =300 ##$$a 281 hlm ; $c 20 x 14 cm =650 #4$$a Nuansa Islami =850 ##$$a NBPNMAT =084 ##$$a 2X3.03 SOU p =990 ##$$a 1199600437